00330nam a22001217a 450000500170000000800410001708200140005811000250007224500510009726000420014830000100019065000080020020200601103024.0200601b xxu||||| |||| 00| 0 eng d a345.4 AIR a All India Reporter  a All India Reporter 1985 (V-72) BOMBAY section aBOMBAYbAll India Reporter Ltd.c1985 a464p. aLAW